| 000 | 00530nam a22001937a 4500 | ||
|---|---|---|---|
| 003 | OSt | ||
| 005 | 20160423142246.0 | ||
| 008 | 160331b xxu||||| |||| 00| 0 eng d | ||
| 020 | _a9780415418843 | ||
| 040 | _cDDC. | ||
| 082 | _a306.09 DEE 2009 | ||
| 100 |
_aDeegan, Heather _97554 |
||
| 245 | _aAfrica Today: culture, economics, religion, security | ||
| 260 | _aLondon; Routledge, 2009 | ||
| 300 | _axiii,235p; ill:24cm | ||
| 504 | _aNotes, bibliography, & index included | ||
| 650 |
_aAfrican _95543 |
||
| 942 |
_2ddc _cO_SHELF |
||
| 999 |
_c3374 _d3374 |
||